000 00762nam a2200205 a 4500
003 0
005 20250303132143.0
008 120723s19uu xx 00 eng d
050 _aPGS LB 1139.5.G67
_b.R175 2012
100 _aRamos, Lawrence Xavier M.
245 _aGender and social skills /
_cLawrence Xavier M. Ramos.
260 _aLas Pinas City : Las PiƱas City, Philippines :
_bSouthville International School and Colleges,
_c2012.
300 _a26 pages
_billustrations ;
_c28 cm.
504 _aIncludes bibliographical references.
650 _aSocial skills
_vGender differences.
650 _aChildren
_vSocial development.
650 _aInterpersonal relations
_vGender differences.
650 _aStudents
_vSocial behavior.
942 _2lcc
_cPASS
999 _c98803
_d98803